робинзон крузо (Бичлэгийн дугаар. 1113703)

MARC дэлгэрэнгүй
000 -Удирдлага
Ном зүйн бүртгэл тоо буюу кодлох утгыг агуулсан 00691nam a22002177a 4500
008 - ЕРӨНХИЙ МЭДЭЭЛЭЛ-ЭЛЕМЕНТҮҮДИЙН ӨГӨГДЛИЙН УРТ
fixed length control field 240706b mp ||||| |||| 00| 0 mon d
035 ## - СИСТЕМИЙН ХЯНАЛТЫН ДУГААР
Системийн хяналтын дугаар 15251
040 ## - ЭХ СУРВАЛЖИЙГ ТОДОРХОЙЛОН БИЧИХ
Анхны каталогийн байгууллага BH0164090
Каталогийн хэл Орос
Бичлэг хийж нэвтрүүлэх байгууллага MN-UlNLM
Өөрчлүүлэх байгууллага MN-UlNLM
Бичиглэлийн тодорхойлолт rda
041 ## - ХЭЛНИЙ КОД
Текстийн хэлний код/фонограм буюу салангид гарчиг Орос
042 ## - AUTHENTICATION CODE
Authentication code 83137
084 ## - БУСАД АНГИЛЛЫН ДУГААР
Ангиллын нэр Номын сан номзүйн ангилал
Анги 84/анг/
Зохиогчийн 3-н тэмдэгт Д-39
100 ## - ЗОХИОГЧИЙН ХЭСЭГ
Зохиогчийн нэр Дефо Д
245 #0 - ҮНДСЭН ГАРЧИГ
Гарчиг робинзон крузо
264 ## - ГАРАЛТЫН МЭДЭЭ
Хэвлэгдсэн газар Минск
Бүтээгч, хэвлэгч, түгээгч, үйлдвэрлэгчийн нэр Международные отношения
Хэвлэгдсэн он 1987
300 ## - ТООНЫ МЭДЭЭ
Хуудасны тоо 581х.
336 ## - АГУУЛГЫН ТӨРӨЛ
Нөөц rdacontent
Агуулгын төрлийн нөхцөл text
Агуулгын төрлийн код txt
337 ## - MEDIA TYPE
Эх сурвалж rdamedia
Файлын төрөл unmediated
Файлын код n
338 ## - CARRIER TYPE
Source rdacarrier
Carrier type term volume
Carrier type code nc
650 ## - Сэдэв
Сэдэв роман роман Гарчиг: история полковника Джека
942 ## - ЭЛЕМЕНТИЙН ТӨРӨЛ
Анги Номын сан номзүйн ангилал
Төрөл Ном
Захиалгууд
Буцаан татагдсан төлөв Хасагдсан шалтгаан Гэмтсэн төлөв Данс заагч Захиалах боломжгүй Үндсэн номын сан Одоогийн байршил Салбар танхим Салбар танхим Бүртгэсэн огноо Тавиурын заалт Баркод Үнэ Хамгийн сүүлд байсан огноо Нийт уншлаганд гарсан тоо Дансны дугаар Төрөл
          Баянхонгор Баянхонгор Баянхонгор | Орос фонд Баянхонгор | Орос фонд 2024-07-07 84/анг/ Д-39 BH01615251-4-1 2250.00 2024-07-07   2295 Ном
          Баянхонгор Баянхонгор Баянхонгор | Орос фонд Баянхонгор | Орос фонд 2024-07-07 84/анг/ Д-39 BH01615251-4-2 1050.00 2024-07-07   2253 Ном
          Баянхонгор Баянхонгор Баянхонгор | Орос фонд Баянхонгор | Орос фонд 2024-07-07 84/анг/ Д-39 BH01615251-4-3 1050.00 2024-07-07   2254 Ном